Angličtina pre deti : počúvaj a hraj sa /
Uložené v:
| Hlavný autor: | |
|---|---|
| Ďalší autori: | , |
| Médium: | Kniha |
| Jazyk: | Slovak English Czech |
| Vydané: |
Bratislava :
Príroda,
2012.
|
| Vydanie: | 1. vyd. |
| Témy: | |
| ISBN: |
9788007019478 (brož.) |
| Fyzický popis: |
57 s. : il., noty ; 29 cm + 2 príl., CDK 4517 |
| Tagy: |
Pridať tag
Žiadne tagy, Buďte prvý kto otaguje tento záznam!
|
Titul je dostupný aj v ... 

MARC
| LEADER | 00000nam a2200000 a 4500 | ||
|---|---|---|---|
| 001 | 000397921 | ||
| 005 | 20130131134648.0 | ||
| 008 | 120618s2012 xo ag b p 000 0 slo d | ||
| 020 | |a 9788007019478 (brož.) | ||
| 040 | |a SVKKK |b slo |c SVKKK |e AACR2 | ||
| 041 | 1 | |a eng |h cze | |
| 044 | |a xo |c SK | ||
| 072 | 7 | |a 811.111 |x Angličtina |2 konspekt | |
| 072 | 7 | |a 37.016 |x Učebné osnovy. Vyučovacie predmety. Učebnice |2 konspekt | |
| 080 | |a 811.111 |2 2001 | ||
| 080 | |a (075.2) |2 2001 | ||
| 100 | 1 | |a Štiková, Věra | |
| 240 | 1 | 0 | |a Listen and play, učebnice anglického jazyka, 1.ročník, 1. díl. a 2. díl. |l Anglicky |
| 245 | 1 | 0 | |a Angličtina pre deti : |b počúvaj a hraj sa / |c Věra Štiková ; [ilustrácie Andrea Schindlerová ; preložila Erika Fuseková]. |
| 250 | |a 1. vyd. | ||
| 260 | |a Bratislava : |b Príroda, |c 2012. | ||
| 300 | |a 57 s. : |b il., noty ; |c 29 cm + |e 2 príl., CDK 4517 | ||
| 500 | |a Preklad z čes. orig. | ||
| 500 | |a Údaj o il. a prekl. prevzatý z tiráže | ||
| 650 | 0 | 7 | |a angličtina |2 SVKKKPH |
| 655 | 7 | |a učebnice základných škôl |2 SVKKKPH | |
| 700 | 1 | |a Fuseková, Erika |4 trl | |
| 700 | 1 | |a Schindlerová, Andrea |4 ill | |
| 765 | 0 | |t Listen and play, učebnice anglického jazyka, 1.ročník, 1. díl. a 2. díl. Anglicky |a Štiková, Věra | |
| 910 | |a svkkk | ||
| 919 | |a 978-80-0-01947-8 | ||
| 998 | |a BK | ||
| 090 | |g SCKUS |k Americké centrum |a V.228528 |j 1039794 |i 2720203804 |s Voľný výber | ||